书目信息 |
| 题名: |
南北极探险史话
|
|
| 作者: | 为梦华 编著 | |
| 分册: | ||
| 出版信息: | 北京 中国旅游出版社 1999.10 |
|
| 页数: | 225页 | |
| 开本: | 32开 | |
| 丛书名: | ||
| 单 册: | ||
| 中图分类: | N816.6-49 | |
| 科图分类: | ||
| 主题词: | 自然科学--调查 , 自然科学--考察 | |
| 电子资源: | ||
| ISBN: | 7-5032-1674-3 | |
| 000 | 00594nam0 2200205 45 | |
| 001 | 0009191989 | |
| 005 | 20000919194022.8 | |
| 010 | @a7-5032-1674-3@d18.00元 | |
| 100 | @a20000919d1999 km y0chiy0120 ea | |
| 101 | 0 | @achi |
| 105 | @a z 000yy | |
| 200 | 1 | @a南北极探险史话@ANan Bei Ji Tan Xian Shi Hua@f为梦华编著@FWei Meng Hua Bian Zhu |
| 210 | @a北京@c中国旅游出版社@d1999.10 | |
| 215 | @a225页@d32开 | |
| 606 | 0 | @a自然科学@x调查 |
| 606 | 0 | @a自然科学@x考察 |
| 690 | @aN816.6-49@v3 | |
| 701 | 0 | @a为梦华@4编著 |
| 801 | @aCN@bPftUser@c20000919 | |
| 905 | @b149303-305@dN816.6-49@eW324@f3 | |
| 南北极探险史话/为梦华编著.-北京:中国旅游出版社,1999.10 |
| 225页;32开 |
| ISBN 7-5032-1674-3:18.00元 |
| ● |
| 相关链接 |
|
|
|
正题名:南北极探险史话
索取号:N816.6-49/W324
 
预约/预借
| 序号 | 登录号 | 条形码 | 馆藏地/架位号 | 状态 | 备注 |
| 1 | 149303 | 201493035 | 自科库401/401自科库 141排2列2层/ [索取号:N816.6-49/W324] | 在馆 | |
| 2 | 149304 | 201493044 | 自科二线504/504自科库 26排1列1层/ [索取号:N816.6-49/W324] | 在馆 | |
| 3 | 149305 | 201493053 | 期刊室512/401自科库 141排2列2层/ [索取号:N816.6-49/W324] | 在馆 |